LDR 00831naa#a2200169#i#450# 001 EN\\bibl\121670 005 20260705205920.7 011 ## _a2073-0454 100 ## _a20260226b2026####ek#y0engy0150####ca 102 ## _aRU 200 1# _aCriminal law protection of information space: crime compositions and qualification problems _eJournal article 210 1# _aMoscow _cMoscow University of the Ministry of Internal Affairs of Russia named after V.Ya. Kikot _d2026 215 ## _a4 с. 608 ## _aJournal article _2local 675 ## _aОбман в торговле и промышленности. 343.53 _aИнформационные технологии. Компьютерные технологии. Теория вычислительных машин и систем. 004 _z 700 #1 _aAh'yadov _gEl'man Said-Mohmadovich 856 4# _amosumvd.editorum.ru _u